[Event "Lidkoping Open 2019"]
[Site "Lidkoping"]
[Date "2019.08.24"]
[Round "4.12"]
[White "Wiklund, Robert"]
[Black "Mardell, Jonas"]
[Result "1/2-1/2"]
[WhiteElo "1785"]
[BlackElo "2059"]
[Annotator "NA"]
[PlyCount "122"]
[EventDate "2019.08.19"]
[EventType "swiss"]
[EventCountry "SWE"]
[SourceTitle "playchess.com"]
[Source "ChessBase"]
[SourceQuality "1"]
[TimeControl "2700+10"]

1. e4 {[%emt 0:00:00]} c5 {[%emt 0:00:00]} 2. c3 {[%emt 0:00:00]} Nf6 {[%emt 0:00:53]} 3. e5 {[%emt 0:00:01]} Nd5 {[%emt 0:00:02]} 4. d4 {[%emt 0:00:01]} cxd4 {[%emt 0:00:04]} 5. Bc4 {[%emt 0:00:02]} Nb6 {[%emt 0:08:26]} 6. Bb3 {[%emt 0:00:12]} d6 {[%emt 0:01:46]} 7. Nf3 {[%emt 0:04:14]} e6 {[%emt 0:00:51]} 8. cxd4 {[%emt 0:00:20]} dxe5 {[%emt 0:01:34]} 9. Nxe5 {[%emt 0:00:40]} N8d7 {[%emt 0:01:38]} 10. O-O {[%emt 0:02:53]} Nf6 {[%emt 0:07:18]} 11. Nc3 {[%emt 0:00:58]} Be7 {[%emt 0:02:35]} 12. Be3 {[%emt 0:07:19]} O-O {[%emt 0:02:56]} 13. Qf3 {[%emt 0:08:24]} Nbd5 {[%emt 0:02:59]} 14. g4 {[%emt 0:04:37]} Bd6 {[%emt 0:05:51]} 15. g5 {[%emt 0:00:29]} Nxe3 {[%emt 0:01:50]} 16. Qxe3 {[%emt 0:01:09]} Nd5 {[%emt 0:01:05]} 17. Nxd5 {[%emt 0:02:26]} exd5 {[%emt 0:00:04]} 18. f4 {[%emt 0:00:18]} Re8 {[%emt 0:03:07]} 19. Qf3 {[%emt 0:00:34]} Bxe5 {[%emt 0:00:45]} 20. dxe5 {[%emt 0:00:10]} Be6 {[%emt 0:00:32]} 21. Rad1 {[%emt 0:01:07]} Qb6+ {[%emt 0:00:59]} 22. Qf2 {[%emt 0:00:05]} Qb4 {[%emt 0:02:19]} 23. Qd4 {[%emt 0:00:51]} Qxd4+ {[%emt 0:00:37]} 24. Rxd4 {[%emt 0:00:02]} g6 {[%emt 0:00:06]} 25. Bxd5 {[%emt 0:00:21]} Red8 {[%emt 0:00:16]} 26. Rfd1 {[%emt 0:00:02]} Bxd5 {[%emt 0:00:05]} 27. Rxd5 {[%emt 0:00:01]} Rxd5 {[%emt 0:00:01]} 28. Rxd5 {[%emt 0:00:01]} Rc8 {[%emt 0:00:01]} 29. Rd2 {[%emt 0:01:55]} Rc4 {[%emt 0:00:02]} 30. Rf2 {[%emt 0:00:25]} Kf8 {[%emt 0:00:04]} 31. Kg2 {[%emt 0:00:44]} Ke7 {[%emt 0:00:02]} 32. Kf3 {[%emt 0:00:18]} Ke6 {[%emt 0:00:13]} 33. Rd2 {[%emt 0:02:57]} Kf5 {[%emt 0:00:22]} 34. Rd7 {[%emt 0:00:08]} Rxf4+ {[%emt 0:00:03]} 35. Ke3 {[%emt 0:00:27]} Kxg5 {[%emt 0:00:09]} 36. Rxb7 {[%emt 0:00:05]} Ra4 {[%emt 0:00:25]} 37. a3 {[%emt 0:00:19]} h5 {[%emt 0:00:21]} 38. Rxf7 {[%emt 0:00:09]} Ra5 {[%emt 0:00:29]} 39. Kd4 {[%emt 0:00:10]} Ra4+ {[%emt 0:00:03]} 40. Kd5 {[%emt 0:00:10]} Rh4 {[%emt 0:00:02]} 41. Rxa7 {[%emt 0:00:24]} Rxh2 {[%emt 0:00:02]} 42. b4 {[%emt 0:00:07]} h4 {[%emt 0:00:12]} 43. Rh7 {[%emt 0:01:13]} Ra2 {[%emt 0:00:27]} 44. e6 {[%emt 0:00:09]} Rxa3 {[%emt 0:00:15]} 45. e7 {[%emt 0:00:02]} Re3 {[%emt 0:00:01]} 46. b5 {[%emt 0:00:23]} h3 {[%emt 0:00:11]} 47. Kd6 {[%emt 0:00:26]} Kf6 {[%emt 0:00:06]} 48. Rxh3 {[%emt 0:00:21]} Re6+ {[%emt 0:00:04]} 49. Kc5 {[%emt 0:01:01]} Rxe7 {[%emt 0:00:10]} 50. b6 {[%emt 0:00:10]} g5 {[%emt 0:00:03]} 51. Kc6 {[%emt 0:00:02]} g4 {[%emt 0:00:04]} 52. Rg3 {[%emt 0:00:16]} Kf5 {[%emt 0:00:07]} 53. b7 {[%emt 0:00:01]} Re8 {[%emt 0:00:05]} 54. Kc7 {[%emt 0:00:01]} Kf4 {[%emt 0:00:02]} 55. Rg1 {[%emt 0:00:14]} g3 {[%emt 0:00:05]} 56. b8=Q {[%emt 0:00:02]} Rxb8 {[%emt 0:00:01]} 57. Kxb8 {[%emt 0:00:01]} Kf3 {[%emt 0:00:02]} 58. Kc7 {[%emt 0:00:03]} g2 {[%emt 0:00:02]} 59. Kd6 {[%emt 0:00:03]} Kf2 {[%emt 0:00:01]} 60. Ra1 {[%emt 0:00:02]} g1=R {[%emt 0:00:03]} 61. Rxg1 {[%emt 0:00:02]} Kxg1 {[%emt 0:02:12]} 1/2-1/2

[Event "Lidkoping Open 2019"]
[Site "Lidkoping"]
[Date "2019.08.24"]
[Round "4.13"]
[White "Carlstrom, Niklas"]
[Black "Johansson, Eva"]
[Result "1-0"]
[WhiteElo "2095"]
[BlackElo "1869"]
[Annotator "NA"]
[PlyCount "43"]
[EventDate "2019.08.19"]
[EventType "swiss"]
[EventCountry "SWE"]
[SourceTitle "playchess.com"]
[Source "ChessBase"]
[SourceQuality "1"]
[TimeControl "2700+10"]

1. e4 {[%emt 0:00:00]} d6 {[%emt 0:00:00]} 2. d4 {[%emt 0:00:08]} Nf6 {[%emt 0:00:00]} 3. Nc3 {[%emt 0:00:06]} g6 {[%emt 0:00:00]} 4. Bg5 {[%emt 0:00:14]} c6 {[%emt 0:00:10]} 5. Qd2 {[%emt 0:00:12]} b5 {[%emt 0:00:20]} 6. Bd3 {[%emt 0:00:21]} Nbd7 {[%emt 0:00:51]} 7. f4 {[%emt 0:00:45]} Nb6 {[%emt 0:03:04]} 8. e5 {[%emt 0:03:31]} dxe5 {[%emt 0:01:39]} 9. fxe5 {[%emt 0:01:10]} Nfd5 {[%emt 0:00:10]} 10. Ne4 {[%emt 0:00:42]} f6 {[%emt 0:02:17]} 11. Bh6 {[%emt 0:01:33]} g5 {[%emt 0:01:48]} 12. Bxf8 {[%emt 0:01:49]} Kxf8 {[%emt 0:00:28]} 13. h4 {[%emt 0:01:29]} Nf4 {[%emt 0:04:37]} 14. hxg5 {[%emt 0:01:38]} fxg5 {[%emt 0:00:10]} 15. Nxg5 {[%emt 0:01:37]} Qxd4 {[%emt 0:00:06]} 16. N1f3 {[%emt 0:01:41]} Nxd3+ {[%emt 0:02:42]} 17. cxd3 {[%emt 0:00:13]} Qg4 {[%emt 0:00:04]} 18. O-O-O {[%emt 0:01:46]} h5 {[%emt 0:02:33]} 19. Rh4 {[%emt 0:03:09]} Qg3 {[%emt 0:02:01]} 20. Rdh1 {[%emt 0:01:27]} Nd5 {[%emt 0:03:27]} 21. e6 {[%emt 0:06:41]} Nf6 {[%emt 0:05:56]} 22. Rf4 {[%emt 0:18:28]} 1-0

[Event "Lidkoping Open 2019"]
[Site "Lidkoping"]
[Date "2019.08.24"]
[Round "4.14"]
[White "Karlsson, Roger"]
[Black "Nordstrom, Felix"]
[Result "1/2-1/2"]
[WhiteElo "1892"]
[BlackElo "2060"]
[Annotator "NA"]
[PlyCount "53"]
[EventDate "2019.08.19"]
[EventType "swiss"]
[EventCountry "SWE"]
[SourceTitle "playchess.com"]
[Source "ChessBase"]
[SourceQuality "1"]
[TimeControl "2700+10"]

1. e4 {[%emt 0:00:00]} c5 {[%emt 0:00:00]} 2. Nc3 {[%emt 0:00:00]} e6 {[%emt 0:00:12]} 3. g3 {[%emt 0:00:13]} d5 {[%emt 0:00:09]} 4. d3 {[%emt 0:00:27]} Nc6 {[%emt 0:01:12]} 5. Bg2 {[%emt 0:00:05]} Nge7 {[%emt 0:00:51]} 6. f4 {[%emt 0:00:54]} dxe4 {[%emt 0:02:14]} 7. Nxe4 {[%emt 0:02:59]} Nf5 {[%emt 0:00:30]} 8. Nf3 {[%emt 0:01:07]} Be7 {[%emt 0:00:27]} 9. O-O {[%emt 0:00:54]} O-O {[%emt 0:00:11]} 10. c3 {[%emt 0:02:32]} Rb8 {[%emt 0:06:49]} 11. Qe2 {[%emt 0:06:25]} b6 {[%emt 0:00:46]} 12. g4 {[%emt 0:01:20]} Nd6 {[%emt 0:00:39]} 13. Ne5 {[%emt 0:02:05]} Nxe5 {[%emt 0:01:54]} 14. fxe5 {[%emt 0:01:53]} Nxe4 {[%emt 0:00:46]} 15. Bxe4 {[%emt 0:01:53]} Bb7 {[%emt 0:00:14]} 16. Bf4 {[%emt 0:07:14]} Bg5 {[%emt 0:01:18]} 17. Rad1 {[%emt 0:09:23]} Bxf4 {[%emt 0:00:27]} 18. Rxf4 {[%emt 0:00:02]} Qg5 {[%emt 0:06:07]} 19. Rf2 {[%emt 0:01:43]} Bxe4 {[%emt 0:01:59]} 20. Qxe4 {[%emt 0:00:17]} Rbd8 {[%emt 0:00:34]} 21. Qf4 {[%emt 0:01:57]} Qxf4 {[%emt 0:05:35]} 22. Rxf4 {[%emt 0:00:02]} Rd5 {[%emt 0:00:22]} 23. Re4 {[%emt 0:00:34]} Rfd8 {[%emt 0:07:08]} 24. Re3 {[%emt 0:00:01]} b5 {[%emt 0:02:51]} 25. Kf2 {[%emt 0:00:32]} c4 {[%emt 0:05:55]} 26. d4 {[%emt 0:04:48]} a5 {[%emt 0:00:10]} 27. Rc1 {[%emt 0:00:10]} 1/2-1/2

[Event "Lidkoping Open 2019"]
[Site "Lidkoping"]
[Date "2019.08.24"]
[Round "4.15"]
[White "Loken, Espen"]
[Black "Kleimark, Anders"]
[Result "0-1"]
[WhiteElo "1805"]
[BlackElo "2016"]
[Annotator "NA"]
[PlyCount "72"]
[EventDate "2019.08.19"]
[EventType "swiss"]
[EventCountry "SWE"]
[SourceTitle "playchess.com"]
[Source "ChessBase"]
[SourceQuality "1"]
[TimeControl "2700+10"]

1. e4 {[%emt 0:00:00]} e5 {[%emt 0:00:02]} 2. d4 {[%emt 0:00:00]} exd4 {[%emt 0:00:17]} 3. Qxd4 {[%emt 0:00:05]} Nc6 {[%emt 0:00:22]} 4. Qe3 {[%emt 0:00:06]} Bb4+ {[%emt 0:01:18]} 5. Nc3 {[%emt 0:00:17]} Nf6 {[%emt 0:00:52]} 6. Bd2 {[%emt 0:00:24]} O-O {[%emt 0:01:29]} 7. O-O-O {[%emt 0:00:12]} d6 {[%emt 0:01:42]} 8. h3 {[%emt 0:01:29]} Qe7 {[%emt 0:04:32]} 9. f3 {[%emt 0:01:07]} Be6 {[%emt 0:03:39]} 10. a3 {[%emt 0:00:29]} Bc5 {[%emt 0:01:30]} 11. Qe1 {[%emt 0:00:22]} a6 {[%emt 0:01:24]} 12. g4 {[%emt 0:00:05]} b5 {[%emt 0:01:14]} 13. g5 {[%emt 0:00:12]} Nd7 {[%emt 0:01:22]} 14. f4 {[%emt 0:00:36]} f5 {[%emt 0:01:38]} 15. Bd3 {[%emt 0:00:59]} b4 {[%emt 0:01:27]} 16. axb4 {[%emt 0:00:18]} Nxb4 {[%emt 0:00:34]} 17. Qg3 {[%emt 0:00:50]} Nxd3+ {[%emt 0:00:50]} 18. Qxd3 {[%emt 0:00:10]} Nb6 {[%emt 0:01:18]} 19. Nd5 {[%emt 0:01:46]} Bxd5 {[%emt 0:02:25]} 20. exd5 {[%emt 0:00:09]} Qe4 {[%emt 0:00:27]} 21. Qxe4 {[%emt 0:01:05]} fxe4 {[%emt 0:00:02]} 22. b4 {[%emt 0:00:54]} Bf2 {[%emt 0:00:31]} 23. Rh2 {[%emt 0:01:46]} e3 {[%emt 0:01:11]} 24. Be1 {[%emt 0:01:48]} Bxg1 {[%emt 0:00:05]} 25. Rg2 {[%emt 0:00:12]} Bf2 {[%emt 0:00:05]} 26. Bxf2 {[%emt 0:00:14]} exf2 {[%emt 0:00:02]} 27. Rxf2 {[%emt 0:00:01]} Rf5 {[%emt 0:00:14]} 28. Re1 {[%emt 0:01:24]} Raf8 {[%emt 0:00:54]} 29. Re4 {[%emt 0:00:12]} Nxd5 {[%emt 0:00:16]} 30. Rc4 {[%emt 0:00:09]} Rxf4 {[%emt 0:00:19]} 31. Rfxf4 {[%emt 0:00:11]} Rxf4 {[%emt 0:00:01]} 32. Rc6 {[%emt 0:00:10]} Rxb4 {[%emt 0:00:24]} 33. Rxa6 {[%emt 0:32:48]} Rc4 {[%emt 0:00:21]} 34. Ra8+ {[%emt 0:00:00]} Kf7 {[%emt 0:00:02]} 35. Kd2 {[%emt 0:00:00]} Nb4 {[%emt 0:00:35]} 36. c3 {[%emt 0:00:00]} Nd5 {[%emt 0:00:04]} 0-1

[Event "Lidkoping Open 2019"]
[Site "Lidkoping"]
[Date "2019.08.24"]
[Round "4.16"]
[White "Strom-Engdahl, Alexander"]
[Black "Nordstrom, Per-Olov"]
[Result "1-0"]
[WhiteElo "1858"]
[BlackElo "1899"]
[Annotator "NA"]
[PlyCount "35"]
[EventDate "2019.08.19"]
[EventType "swiss"]
[EventCountry "SWE"]
[SourceTitle "playchess.com"]
[Source "ChessBase"]
[SourceQuality "1"]
[TimeControl "2700+10"]

1. c4 {[%emt 0:00:00]} c5 {[%emt 0:00:04]} 2. g3 {[%emt 0:00:00]} Nc6 {[%emt 0:00:23]} 3. Bg2 {[%emt 0:00:05]} e5 {[%emt 0:01:35]} 4. Nc3 {[%emt 0:00:13]} g6 {[%emt 0:00:12]} 5. d3 {[%emt 0:00:19]} Bg7 {[%emt 0:00:19]} 6. a3 {[%emt 0:00:40]} Nge7 {[%emt 0:00:35]} 7. Rb1 {[%emt 0:00:37]} a5 {[%emt 0:00:21]} 8. e3 {[%emt 0:00:43]} O-O {[%emt 0:00:57]} 9. Nge2 {[%emt 0:00:56]} d6 {[%emt 0:00:11]} 10. Bd2 {[%emt 0:00:17]} Be6 {[%emt 0:01:02]} 11. Nd5 {[%emt 0:00:05]} Rb8 {[%emt 0:04:02]} 12. Nec3 {[%emt 0:00:40]} Qd7 {[%emt 0:02:04]} 13. b4 {[%emt 0:02:32]} b6 {[%emt 0:04:07]} 14. O-O {[%emt 0:01:45]} Bh3 {[%emt 0:01:49]} 15. b5 {[%emt 0:01:55]} Nxd5 {[%emt 0:02:28]} 16. bxc6 {[%emt 0:00:00]} Nxc3 {[%emt 0:00:42]} 17. cxd7 {[%emt 0:00:06]} Nxd1 {[%emt 0:00:47]} 18. Bxh3 {[%emt 0:00:05]} 1-0

[Event "Lidkoping Open 2019"]
[Site "Lidkoping"]
[Date "2019.08.24"]
[Round "4.17"]
[White "Muntean, Adrian"]
[Black "Olsson, Bo"]
[Result "0-1"]
[WhiteElo "1413"]
[BlackElo "1984"]
[Annotator "NA"]
[PlyCount "64"]
[EventDate "2019.08.19"]
[EventType "swiss"]
[EventCountry "SWE"]
[SourceTitle "playchess.com"]
[Source "ChessBase"]
[SourceQuality "1"]
[TimeControl "2700+10"]

1. e4 {[%emt 0:00:00]} Nf6 {[%emt 0:00:00]} 2. e5 {[%emt 0:00:00]} Nd5 {[%emt 0:00:03]} 3. c4 {[%emt 0:00:00]} Nb6 {[%emt 0:00:05]} 4. d4 {[%emt 0:00:09]} d6 {[%emt 0:00:09]} 5. exd6 {[%emt 0:00:17]} cxd6 {[%emt 0:00:08]} 6. a4 {[%emt 0:00:20]} g6 {[%emt 0:00:53]} 7. a5 {[%emt 0:00:15]} N6d7 {[%emt 0:00:21]} 8. Nf3 {[%emt 0:00:42]} Bg7 {[%emt 0:00:09]} 9. Ng5 {[%emt 0:01:00]} Nf6 {[%emt 0:10:12]} 10. Bd3 {[%emt 0:00:56]} Nc6 {[%emt 0:00:40]} 11. O-O {[%emt 0:01:41]} O-O {[%emt 0:01:32]} 12. f4 {[%emt 0:02:11]} Nxd4 {[%emt 0:03:29]} 13. Bxg6 {[%emt 0:03:15]} hxg6 {[%emt 0:00:04]} 14. Qxd4 {[%emt 0:00:04]} Qc7 {[%emt 0:04:34]} 15. Nc3 {[%emt 0:01:17]} Ng4 {[%emt 0:04:08]} 16. Qd3 {[%emt 0:02:22]} Qc5+ {[%emt 0:00:49]} 17. Kh1 {[%emt 0:00:38]} Nf2+ {[%emt 0:01:58]} 18. Rxf2 {[%emt 0:00:03]} Qxf2 {[%emt 0:00:03]} 19. Be3 {[%emt 0:00:02]} Bf5 {[%emt 0:02:02]} 20. Qd1 {[%emt 0:06:55]} Qxe3 {[%emt 0:00:11]} 21. Nd5 {[%emt 0:00:07]} Qd4 {[%emt 0:03:31]} 22. Qe1 {[%emt 0:01:20]} Bf6 {[%emt 0:02:03]} 23. Nxe7+ {[%emt 0:01:38]} Bxe7 {[%emt 0:00:10]} 24. Qxe7 {[%emt 0:00:27]} Qxf4 {[%emt 0:02:12]} 25. Nf3 {[%emt 0:00:22]} Be4 {[%emt 0:00:53]} 26. Rf1 {[%emt 0:00:47]} Rae8 {[%emt 0:00:29]} 27. Qd7 {[%emt 0:00:29]} Bxf3 {[%emt 0:00:09]} 28. gxf3 {[%emt 0:00:02]} Re3 {[%emt 0:00:31]} 29. h3 {[%emt 0:00:24]} Rxf3 {[%emt 0:00:19]} 30. Rg1 {[%emt 0:00:08]} Rf2 {[%emt 0:01:24]} 31. Rxg6+ {[%emt 0:00:09]} fxg6 {[%emt 0:00:05]} 32. Qe6+ {[%emt 0:00:02]} Kg7 {[%emt 0:00:29]} 0-1

[Event "Lidkoping Open 2019"]
[Site "Lidkoping"]
[Date "2019.08.24"]
[Round "4.19"]
[White "Nordlund, Keith"]
[Black "Isacsson, Jorgen"]
[Result "1/2-1/2"]
[WhiteElo "2013"]
[BlackElo "1731"]
[Annotator "NA"]
[PlyCount "42"]
[EventDate "2019.08.19"]
[EventType "swiss"]
[EventCountry "SWE"]
[SourceTitle "playchess.com"]
[Source "ChessBase"]
[SourceQuality "1"]
[TimeControl "2700+10"]

1. e4 {[%emt 0:00:00]} d6 {[%emt 0:00:00]} 2. d4 {[%emt 0:00:21]} g6 {[%emt 0:00:00]} 3. Nc3 {[%emt 0:00:29]} Bg7 {[%emt 0:00:00]} 4. Be3 {[%emt 0:00:27]} Nf6 {[%emt 0:00:14]} 5. h3 {[%emt 0:01:35]} c6 {[%emt 0:01:02]} 6. Qd2 {[%emt 0:02:23]} O-O {[%emt 0:05:51]} 7. Bh6 {[%emt 0:05:03]} e5 {[%emt 0:01:49]} 8. Bxg7 {[%emt 0:00:33]} Kxg7 {[%emt 0:00:01]} 9. Nf3 {[%emt 0:00:30]} Nbd7 {[%emt 0:03:20]} 10. O-O-O {[%emt 0:02:27]} Re8 {[%emt 0:02:11]} 11. dxe5 {[%emt 0:01:34]} dxe5 {[%emt 0:00:41]} 12. Nh2 {[%emt 0:04:07]} Qa5 {[%emt 0:02:50]} 13. Ng4 {[%emt 0:02:52]} Rh8 {[%emt 0:08:19]} 14. Qh6+ {[%emt 0:05:45]} Kg8 {[%emt 0:00:01]} 15. Be2 {[%emt 0:01:37]} Nxg4 {[%emt 0:04:30]} 16. hxg4 {[%emt 0:00:44]} Nf8 {[%emt 0:00:13]} 17. Rh3 {[%emt 0:03:57]} Be6 {[%emt 0:00:49]} 18. Kb1 {[%emt 0:00:19]} Rd8 {[%emt 0:01:27]} 19. Rxd8 {[%emt 0:01:16]} Qxd8 {[%emt 0:00:03]} 20. Rd3 {[%emt 0:02:29]} Qe7 {[%emt 0:01:26]} 21. b3 {[%emt 0:00:50]} Nd7 {[%emt 0:13:43]} 1/2-1/2

[Event "Lidkoping Open 2019"]
[Site "Lidkoping"]
[Date "2019.08.24"]
[Round "4.20"]
[White "Bratic, Asim"]
[Black "Svedberg, Hans"]
[Result "0-1"]
[WhiteElo "1825"]
[BlackElo "2008"]
[Annotator "NA"]
[PlyCount "110"]
[EventDate "2019.08.19"]
[EventType "swiss"]
[EventCountry "SWE"]
[SourceTitle "playchess.com"]
[Source "ChessBase"]
[SourceQuality "1"]
[TimeControl "2700+10"]

1. e4 {[%emt 0:00:00]} d6 {[%emt 0:00:21]} 2. Bc4 {[%emt 0:01:02]} Nf6 {[%emt 0:01:13]} 3. d3 {[%emt 0:00:13]} c6 {[%emt 0:00:21]} 4. h3 {[%emt 0:00:26]} e5 {[%emt 0:00:31]} 5. Bb3 {[%emt 0:01:17]} Be7 {[%emt 0:00:22]} 6. Ne2 {[%emt 0:00:07]} Na6 {[%emt 0:03:30]} 7. O-O {[%emt 0:00:24]} Nc5 {[%emt 0:02:10]} 8. Be3 {[%emt 0:00:02]} Nxb3 {[%emt 0:00:34]} 9. axb3 {[%emt 0:00:01]} b6 {[%emt 0:00:10]} 10. f4 {[%emt 0:00:10]} Qc7 {[%emt 0:01:15]} 11. fxe5 {[%emt 0:00:48]} dxe5 {[%emt 0:00:10]} 12. Qe1 {[%emt 0:01:45]} h6 {[%emt 0:02:42]} 13. Qf2 {[%emt 0:00:07]} Rb8 {[%emt 0:01:29]} 14. Nd2 {[%emt 0:01:00]} Be6 {[%emt 0:00:44]} 15. Nc4 {[%emt 0:01:04]} Nd7 {[%emt 0:01:49]} 16. Ng3 {[%emt 0:02:10]} g6 {[%emt 0:01:46]} 17. Ra2 {[%emt 0:00:35]} Kf8 {[%emt 0:02:11]} 18. Rfa1 {[%emt 0:00:28]} Rb7 {[%emt 0:00:17]} 19. Nf1 {[%emt 0:02:27]} h5 {[%emt 0:00:55]} 20. Nh2 {[%emt 0:00:24]} Kg7 {[%emt 0:02:42]} 21. Nf3 {[%emt 0:01:37]} f6 {[%emt 0:00:58]} 22. Nh4 {[%emt 0:01:26]} Kh7 {[%emt 0:01:28]} 23. Kh1 {[%emt 0:00:42]} Rf8 {[%emt 0:01:01]} 24. c3 {[%emt 0:01:26]} Nc5 {[%emt 0:00:41]} 25. Bxc5 {[%emt 0:29:29]} Bxc5 {[%emt 0:19:50]} 26. Qg3 {[%emt 0:00:00]} g5 {[%emt 0:00:00]} 27. Nf5 {[%emt 0:00:00]} Bxf5 {[%emt 0:00:00]} 28. exf5 {[%emt 0:00:00]} a5 {[%emt 0:00:00]} 29. Qf3 {[%emt 0:00:00]} Kh6 {[%emt 0:00:00]} 30. Nd2 {[%emt 0:00:00]} Rd8 {[%emt 0:00:00]} 31. Ne4 {[%emt 0:00:00]} Qe7 {[%emt 0:00:00]} 32. Rd1 {[%emt 0:00:00]} h4 {[%emt 0:00:00]} 33. Ra4 {[%emt 0:00:00]} Bd6 {[%emt 0:00:00]} 34. Rc4 {[%emt 0:00:00]} Rc7 {[%emt 0:00:00]} 35. Ra4 {[%emt 0:00:00]} Rcd7 {[%emt 0:00:00]} 36. g3 {[%emt 0:00:00]} hxg3 {[%emt 0:00:00]} 37. Nxg3 {[%emt 0:02:00]} Qf7 {[%emt 0:02:00]} 38. c4 {[%emt 0:00:00]} Bc5 {[%emt 0:00:00]} 39. Ne2 {[%emt 0:00:00]} Rd6 {[%emt 0:00:00]} 40. Raa1 {[%emt 0:00:00]} Qd7 {[%emt 0:00:00]} 41. Ng3 {[%emt 0:00:00]} Qe8 {[%emt 0:00:00]} 42. Ne4 {[%emt 0:00:00]} Rd4 {[%emt 0:00:00]} 43. Nxf6 {[%emt 0:00:00]} Rf4 {[%emt 0:00:00]} 44. Qxf4 {[%emt 0:00:00]} gxf4 {[%emt 0:00:00]} 45. Nxe8 {[%emt 0:01:20]} Rxe8 {[%emt 0:01:20]} 46. Re1 {[%emt 0:00:00]} Kg5 {[%emt 0:00:00]} 47. Re4 {[%emt 0:00:00]} Bd4 {[%emt 0:00:00]} 48. Rae1 {[%emt 0:00:00]} c5 {[%emt 0:00:00]} 49. f6 {[%emt 0:00:00]} Rf8 {[%emt 0:00:00]} 50. R1e2 {[%emt 0:00:00]} Rxf6 {[%emt 0:00:00]} 51. Rg2+ {[%emt 0:00:00]} Kf5 {[%emt 0:00:00]} 52. h4 {[%emt 0:00:00]} Rh6 {[%emt 0:00:00]} 53. Rg5+ {[%emt 0:00:00]} Kf6 {[%emt 0:00:00]} 54. Rg4 {[%emt 0:00:00]} f3 {[%emt 0:00:00]} 55. Rxd4 {[%emt 0:00:00]} cxd4 {[%emt 0:00:12]} 0-1

[Event "Lidkoping Open 2019"]
[Site "Lidkoping"]
[Date "2019.08.24"]
[Round "4.21"]
[White "Bermann, Martin"]
[Black "Andersson, Christian"]
[Result "1-0"]
[WhiteElo "1889"]
[BlackElo "1794"]
[Annotator "NA"]
[PlyCount "81"]
[EventDate "2019.08.19"]
[EventType "swiss"]
[EventCountry "SWE"]
[SourceTitle "playchess.com"]
[Source "ChessBase"]
[SourceQuality "1"]
[TimeControl "2700+10"]

1. e4 {[%emt 0:00:00]} d6 {[%emt 0:00:17]} 2. d4 {[%emt 0:00:00]} Nf6 {[%emt 0:00:08]} 3. Nc3 {[%emt 0:00:00]} g6 {[%emt 0:00:18]} 4. h3 {[%emt 0:00:01]} Bg7 {[%emt 0:00:48]} 5. Nf3 {[%emt 0:00:02]} O-O {[%emt 0:00:57]} 6. Be2 {[%emt 0:00:06]} c6 {[%emt 0:00:18]} 7. a4 {[%emt 0:00:03]} Nbd7 {[%emt 0:01:05]} 8. O-O {[%emt 0:00:11]} Qc7 {[%emt 0:01:47]} 9. Be3 {[%emt 0:00:23]} e5 {[%emt 0:02:20]} 10. dxe5 {[%emt 0:00:14]} dxe5 {[%emt 0:00:16]} 11. Qd2 {[%emt 0:00:27]} b6 {[%emt 0:02:50]} 12. Rfd1 {[%emt 0:01:30]} Bb7 {[%emt 0:02:02]} 13. Qd6 {[%emt 0:00:43]} Qxd6 {[%emt 0:00:26]} 14. Rxd6 {[%emt 0:00:03]} Rfe8 {[%emt 0:04:32]} 15. Rad1 {[%emt 0:00:51]} Nc5 {[%emt 0:06:13]} 16. Bxc5 {[%emt 0:02:06]} bxc5 {[%emt 0:00:04]} 17. Bc4 {[%emt 0:00:26]} h6 {[%emt 0:02:00]} 18. Rd7 {[%emt 0:12:51]} Nxd7 {[%emt 0:01:57]} 19. Rxd7 {[%emt 0:01:19]} Bc8 {[%emt 0:02:00]} 20. Bxf7+ {[%emt 0:00:57]} Kf8 {[%emt 0:00:05]} 21. Bxe8 {[%emt 0:00:03]} Bxd7 {[%emt 0:00:03]} 22. Bxd7 {[%emt 0:00:02]} Rb8 {[%emt 0:00:25]} 23. b3 {[%emt 0:01:25]} c4 {[%emt 0:00:12]} 24. Be6 {[%emt 0:00:38]} cxb3 {[%emt 0:00:24]} 25. cxb3 {[%emt 0:00:41]} Ke7 {[%emt 0:00:10]} 26. Bc4 {[%emt 0:00:10]} Rd8 {[%emt 0:00:03]} 27. Kf1 {[%emt 0:00:27]} Kd6 {[%emt 0:00:01]} 28. Nh4 {[%emt 0:00:16]} Kc5 {[%emt 0:00:25]} 29. Nf3 {[%emt 0:04:56]} Kb4 {[%emt 0:00:21]} 30. Ne2 {[%emt 0:00:26]} Rd1+ {[%emt 0:00:35]} 31. Ne1 {[%emt 0:00:09]} Bf8 {[%emt 0:00:24]} 32. Ng1 {[%emt 0:00:19]} Kc3 {[%emt 0:03:34]} 33. Ngf3 {[%emt 0:00:13]} Bd6 {[%emt 0:00:43]} 34. g3 {[%emt 0:00:37]} Ra1 {[%emt 0:00:45]} 35. Kg2 {[%emt 0:00:29]} Ra2 {[%emt 0:00:18]} 36. Nd3 {[%emt 0:00:09]} Rxa4 {[%emt 0:01:32]} 37. bxa4 {[%emt 0:03:26]} Kxc4 {[%emt 0:00:03]} 38. Ndxe5+ {[%emt 0:00:02]} Kb3 {[%emt 0:01:49]} 39. Nxc6 {[%emt 0:00:19]} a6 {[%emt 0:00:02]} 40. a5 {[%emt 0:00:07]} Ka4 {[%emt 0:00:08]} 41. e5 {[%emt 0:00:05]} 1-0